5HLuxD.jpg

KING HENRY VIII SENIOR AND PRIMARY SCHOOL LIBRARY OPAC

RAINFORESTS (Record no. 4148)

000 -LEADER
fixed length control field 00288nam a22001097a 4500
008 - FIXED-LENGTH DATA ELEMENTS--GENERAL INFORMATION
fixed length control field 250122b ||||| |||| 00| 0 eng d
020 ## - INTERNATIONAL STANDARD BOOK NUMBER
International Standard Book Number 9781615415854
082 ## - DEWEY DECIMAL CLASSIFICATION NUMBER
Classification number 577 BYE
100 ## - MAIN ENTRY--PERSONAL NAME
Personal name ROBBIE BYERLY
Relator term BYERLY,ROBBIE
245 ## - TITLE STATEMENT
Title RAINFORESTS
942 ## - ADDED ENTRY ELEMENTS (KOHA)
Source of classification or shelving scheme
Classification part 577 BYE
Holdings
Withdrawn status Lost status Source of classification or shelving scheme Damaged status Not for loan Collection code Permanent Location Current Location Shelving location Date acquired Total Checkouts Full call number Barcode Date last seen Date last checked out Price effective from Koha item type
          Non-Fiction KH8 Primary School Library KH8 Primary School Library Non Fiction 2025-01-22 1 577 BYE 3KHPL000002003 2025-12-05 2025-11-19 2025-01-22 Books - Non Ficton

Powered By KH8 IT Dept